| 000 | 00605nam a2200217 a 4500 | ||
|---|---|---|---|
| 003 | BD-DhJNU | ||
| 005 | 20250624065736.0 | ||
| 008 | 080107s2008 ohum a001 0 eng d | ||
| 010 | _a2007936976 | ||
| 020 | _a9788131509685 | ||
| 040 |
_aBD-DhJNU _bENG _cBD-DhJNU _dBD-DhJNU |
||
| 082 | 0 | 0 |
_a310 KES _223 |
| 100 | 1 | _aKeller, Gerald | |
| 245 | 1 | 0 |
_aStatistics for management / _cGerald Keller |
| 250 | _a2nd ed. | ||
| 260 |
_aNew Delhi : _bSouth-Western Cengage Learning, _cc2009. |
||
| 300 |
_a718 p. : _bill. |
||
| 500 | _aIncludes index. | ||
| 650 | 0 |
_aManagement _xStatistical methods. |
|
| 942 | _cBK | ||
| 999 |
_c1825 _d1825 |
||